[Event "AUTO-ADV-1575"]
[Site "http://www.queenalice.com/game.php?id=698808"]
[Date "2009.12.16"]
[Round "1"]
[White "JAmaro"]
[Black "leoescudero"]
[Result "0-1"]
[WhiteElo "1753"]
[BlackElo "1752"]

1. d4 Nf6 2. Bf4 c5 3. dxc5 Nc6 4. g3 Qa5+ 5. c3 Qxc5 6. Bg2 Ng4 7. Nh3 g6 8.
Bf3 Nce5 9. Bxe5 Nxe5 10. Nd2 Nxf3+ 11. Nxf3 Bg7 12. Qd3 O-O 13. Nhg5 d6 14. h4
Bf5 15. e4 Bd7 16. O-O h5 17. Rac1 Rac8 18. Rfe1 Bg4 19. Nh2 Bd7 20. b4 Qc4 21.
Qxc4 Rxc4 22. Nhf3 Rfc8 23. e5 dxe5 24. Nxe5 Bxe5 25. Rxe5 Rxc3 26. Rxc3 Rxc3
27. Rxe7 Bc6 28. f4 Rxg3+ 29. Kf2 Rg2+ 30. Ke1 Rg1+ 0-1

[Event "AUTO-ADV-1575"]
[Site "http://www.queenalice.com/game.php?id=698819"]
[Date "2009.12.16"]
[Round "1"]
[White "wishyouwerehere"]
[Black "JAmaro"]
[Result "1-0"]
[WhiteElo "1812"]
[BlackElo "1840"]

1. e4 d5 2. exd5 Qxd5 3. Nc3 Qe6+ 4. Be2 g6 5. Nf3 b6 6. d4 Bb7 7. d5 Qg4 8. O-O
h5 9. Ne5 Qf5 10. Bb5+ c6 11. dxc6 Bxc6 12. Nxc6 Bg7 13. Nxb8+ 1-0

[Event "AUTO-ADV-1575"]
[Site "http://www.queenalice.com/game.php?id=698820"]
[Date "2009.12.16"]
[Round "1"]
[White "JAmaro"]
[Black "wishyouwerehere"]
[Result "0-1"]
[WhiteElo "1706"]
[BlackElo "1884"]

1. d4 d5 2. Nc3 Nf6 3. h3 e6 4. a3 Be7 5. g3 c6 6. Bg2 Nbd7 7. Nf3 Qc7 8. g4 h6
9. g5 hxg5 10. Bxg5 c5 11. Bxf6 Bxf6 12. Qd2 a6 13. Ng5 Bxd4 14. Qd3 Qf4 15. Nf3
Bf6 16. e3 Qd6 17. e4 Qb6 18. e5 c4 19. Qe3 Qxe3+ 20. fxe3 Nxe5 21. Nxe5 Bxe5
22. O-O-O b5 23. h4 Bd7 24. Nxd5 Rb8 0-1

[Event "AUTO-ADV-1575"]
[Site "http://www.queenalice.com/game.php?id=698827"]
[Date "2009.12.16"]
[Round "1"]
[White "JAmaro"]
[Black "Arthur0007"]
[Result "0-1"]
[WhiteElo "1774"]
[BlackElo "1974"]

1. d4 d5 2. Bf4 Nf6 3. h3 h6 4. Nf3 e6 5. a3 Nc6 6. Nc3 a6 7. g3 Bd6 8. Bxd6
Qxd6 9. Bg2 Bd7 10. b4 b5 11. Qd2 g5 12. h4 g4 13. Ne5 Nxe5 14. dxe5 Qxe5 15.
Rd1 O-O-O 16. Qd4 Qxd4 17. Rxd4 e5 18. Rd1 c6 19. a4 d4 20. Ne4 Nxe4 21. Bxe4 f5
22. Bg2 Be6 23. Bxc6 Bd5 24. Bxd5 Rxd5 25. O-O Rh7 26. axb5 Rxb5 27. Ra1 Kb7 28.
Rfb1 Rc7 29. Ra2 Rc6 30. c4 Rxc4 31. f3 Rcxb4 32. Rxb4 Rxb4 33. fxg4 fxg4 34.
Rd2 a5 35. e3 a4 36. exd4 Rxd4 37. Rb2+ Kc6 38. Rc2+ Kd5 39. Rc1 a3 40. Ra1 Rd3
0-1

[Event "AUTO-ADV-1575"]
[Site "http://www.queenalice.com/game.php?id=698828"]
[Date "2009.12.16"]
[Round "1"]
[White "Arthur0007"]
[Black "JAmaro"]
[Result "1-0"]
[WhiteElo "1982"]
[BlackElo "1766"]

1. e4 d5 2. exd5 Qxd5 3. Nc3 Qe6+ 4. Qe2 a6 5. Qxe6 Bxe6 6. d4 g6 7. Nf3 h6 8.
Bf4 c6 9. Bd3 Nd7 10. h3 g5 11. Be3 Ngf6 12. O-O-O b5 13. Ne5 Nxe5 14. dxe5 Nd5
15. Nxd5 Bxd5 16. f3 Bg7 17. Rhe1 Bxe5 18. Kb1 a5 19. Bxg5 hxg5 20. Rxe5 f6 21.
Re3 a4 22. Bxb5 cxb5 23. Rxd5 b4 24. Rb5 Rd8 25. Kc1 b3 26. axb3 axb3 27. Rbxb3
O-O 28. Rxe7 Ra8 29. Rbb7 Rfd8 30. c3 Ra1+ 31. Kc2 Rg1 32. Rg7+ Kf8 33. g4 Re1
34. Rbf7+ Ke8 35. Rb7 Kf8 36. Rbf7+ Ke8 37. Rg8+ Kxf7 38. Rxd8 Rh1 39. b4 Rxh3
40. Rd3 Kg6 41. b5 Rh8 42. b6 Rb8 43. Rd6 Rb7 44. c4 1-0

[Event "AUTO-OPEN-1803"]
[Site "http://www.queenalice.com/game.php?id=699802"]
[Date "2009.12.18"]
[Round "1"]
[White "TheBigSid"]
[Black "JAmaro"]
[Result "1-0"]
[WhiteElo "2216"]
[BlackElo "1759"]

1. d4 d5 2. c4 dxc4 3. e4 b5 4. a4 Bd7 5. axb5 Bxb5 6. Nc3 c6 7. Nf3 h6 8. Bf4
g5 9. Bg3 Nd7 10. Be2 g4 11. Ne5 Nxe5 12. Bxe5 f6 13. Bg3 h5 14. O-O a6 15. d5
cxd5 16. Nxd5 Ra7 17. Qd4 Qd7 18. Bxc4 Bxc4 19. Qxc4 Bg7 20. Rxa6 Rxa6 21. Qxa6
Nh6 22. Nc7+ Kf7 23. Qc4+ e6 24. Nb5 Rc8 25. Qxc8 Qxb5 26. Qc2 Ng8 27. Rd1 f5
28. exf5 exf5 29. b3 Kg6 30. Qc4 Qe8 31. Bh4 Nf6 32. Bxf6 Bxf6 33. b4 1-0

[Event "AUTO-OPEN-1803"]
[Site "http://www.queenalice.com/game.php?id=699803"]
[Date "2009.12.18"]
[Round "1"]
[White "JAmaro"]
[Black "TheBigSid"]
[Result "0-1"]
[WhiteElo "1868"]
[BlackElo "2203"]

1. d4 Nf6 2. Bf4 e6 3. a3 b6 4. Nc3 Bb7 5. Nf3 Be7 6. h3 O-O 7. g4 d5 8. Bg2 c5
9. g5 Nfd7 10. h4 Nc6 11. dxc5 Bxc5 12. h5 e5 13. Bd2 e4 14. Nh4 e3 15. fxe3
Qxg5 16. Bc1 Qg3+ 17. Kd2 Bxe3+ 18. Kd3 Nde5# 0-1

[Event "AUTO-OPEN-1803"]
[Site "http://www.queenalice.com/game.php?id=699812"]
[Date "2009.12.18"]
[Round "1"]
[White "alexcamargo"]
[Black "JAmaro"]
[Result "1-0"]
[WhiteElo "1861"]
[BlackElo "1588"]

1. d4 d5 2. c4 dxc4 3. Nc3 g6 4. e3 b5 5. Nxb5 a6 6. Nc3 e6 7. Bxc4 Nf6 8. Nf3
h6 9. b3 Bb7 10. Bd3 Bg7 11. Bb2 Bxf3 12. Qxf3 c6 13. Ba3 a5 14. Nb5 cxb5 15.
Qxa8 Ng4 16. Bxb5+ Nd7 17. Qxd8+ 1-0

[Event "AUTO-OPEN-1803"]
[Site "http://www.queenalice.com/game.php?id=699813"]
[Date "2009.12.18"]
[Round "1"]
[White "JAmaro"]
[Black "alexcamargo"]
[Result "0-1"]
[WhiteElo "1583"]
[BlackElo "1866"]

1. d4 d5 2. Nc3 Nf6 3. g3 e6 4. a3 c5 5. e3 Bd6 6. dxc5 Bxc5 7. Nf3 Nc6 8. Bb5
Bd7 9. b4 Bb6 10. Bb2 a6 11. Bxc6 Bxc6 12. Ne5 Qc7 13. Nxc6 bxc6 14. g4 e5 15.
g5 Nd7 16. h4 Qd6 0-1

[Event "AUTO-ADV-1433"]
[Site "http://www.queenalice.com/game.php?id=712155"]
[Date "2010.1.11"]
[Round "2"]
[White "JAmaro"]
[Black "Jerick"]
[Result "0-1"]
[WhiteElo "1757"]
[BlackElo "2351"]

1. d4 d5 2. Nc3 Bf5 3. h3 e6 4. a3 Nf6 5. g4 Bg6 6. f3 Bd6 7. Bg2 Bg3+ 8. Kf1 c5
9. h4 cxd4 10. Qxd4 Bxc2 11. Bg5 Nc6 12. Qd2 Bb3 0-1

[Event "AUTO-ADV-1433"]
[Site "http://www.queenalice.com/game.php?id=712156"]
[Date "2010.1.11"]
[Round "2"]
[White "Jerick"]
[Black "JAmaro"]
[Result "1-0"]
[WhiteElo "2352"]
[BlackElo "1755"]

1. e4 d5 2. exd5 Qxd5 3. Nc3 Qe6+ 4. Be2 b6 5. Nf3 Bb7 6. O-O h6 7. d4 Nf6 8.
Ne5 Nbd7 9. Bc4 Nd5 10. Re1 Nxe5 11. Bxd5 Bxd5 12. Rxe5 Qf6 13. Nxd5 1-0

[Event "AUTO-ADV-1433"]
[Site "http://www.queenalice.com/game.php?id=712157"]
[Date "2010.1.11"]
[Round "2"]
[White "JAmaro"]
[Black "EdsonEstevam"]
[Result "0-1"]
[WhiteElo "1737"]
[BlackElo "1741"]

1. d4 d5 2. g3 Bg4 3. h3 Bf5 4. g4 Bg6 5. Bg2 Nc6 6. a3 h6 7. Nf3 e6 8. h4 Be7
9. h5 Be4 10. Nbd2 Nf6 11. b3 Bd6 0-1

[Event "AUTO-ADV-1433"]
[Site "http://www.queenalice.com/game.php?id=712158"]
[Date "2010.1.11"]
[Round "2"]
[White "EdsonEstevam"]
[Black "JAmaro"]
[Result "1-0"]
[WhiteElo "1757"]
[BlackElo "1721"]

1. e4 d5 2. e5 g6 3. d4 a6 4. Nc3 c6 5. Nf3 Bg4 6. Be2 Bg7 7. h3 Bxf3 8. Bxf3
Nd7 9. Bg5 h6 10. Bh4 Qb6 11. b3 Qb4 12. Qd3 1-0

[Event "AUTO-INT-1306"]
[Site "http://www.queenalice.com/game.php?id=715691"]
[Date "2010.1.17"]
[Round "2"]
[White "rogervolei"]
[Black "JAmaro"]
[Result "1-0"]
[WhiteElo "1849"]
[BlackElo "1683"]

1. e3 d5 2. h3 Nc6 3. a3 a6 4. b4 g6 5. Bb2 Nf6 6. Bxf6 exf6 7. c3 Bg7 8. a4 a5
9. b5 Ne5 10. d3 Bf5 11. g4 Be6 12. d4 Nd7 13. Bg2 b6 14. Qb3 Nb8 15. Ne2 1-0

[Event "AUTO-INT-1306"]
[Site "http://www.queenalice.com/game.php?id=715692"]
[Date "2010.1.17"]
[Round "2"]
[White "JAmaro"]
[Black "rogervolei"]
[Result "0-1"]
[WhiteElo "1674"]
[BlackElo "1858"]

1. d4 e6 2. a3 g6 3. b3 Bg7 4. Bb2 c5 5. g3 Nc6 6. e3 a6 7. Bg2 d5 8. Nc3 cxd4
9. exd4 Bxd4 10. Nf3 Bf6 11. Qc1 h6 12. Qd2 g5 13. h4 g4 14. Ng1 Qc7 15. Nge2 h5
0-1